| 000 | 00732nam a2200229 u 4500 | ||
|---|---|---|---|
| 005 | 20240228063748.0 | ||
| 008 | 171109s2008 mx r 000 0 spa d | ||
| 020 | _a9789689395041 | ||
| 035 | _aUPN01000221556 | ||
| 049 | _aI | ||
| 050 | 4 |
_aPZ74.3 _bD6.3 |
|
| 100 | 1 |
_aDomínguez Cruz, María de Lourdes, _d1964- _940984 |
|
| 245 | 1 | 1 |
_a¡Elefante! / _ctexto e il. María de Lourdes Domínguez Cruz. |
| 260 |
_aMéxico : _bVanguardia Educativa, _c2008. |
||
| 300 |
_a[34] p. : _bprincipalmente il. col. |
||
| 440 | 0 | _aSol y luna de papel | |
| 650 | 4 |
_aRimas infantiles _910247 |
|
| 650 | 7 |
_aAnimales _vLiteratura infantil _2 _91061 |
|
| 650 | 4 |
_aCuentos infantiles mexicanos _97723 |
|
| 905 | _aInfantil | ||
| 999 |
_c193653 _d193653 |
||